000
00295nam a22001337a 4500
008
170601b xxu||||| |||| 00| 0 eng d
020
_a
9780618370412
041
_a
eng
080
_2
5TH
_a
94(100)
100
_a
17
101
_a
SHH
245
_a
THE HUMAN RECORD
_c
ANDREA,J.A
942
_2
udc
_c
BK
999
_c
15463
_d
15463